| 000 | 00366nam a22001577a 4500 | ||
|---|---|---|---|
| 003 | OSt | ||
| 008 | 231230b |||||||| |||| 00| 0 eng d | ||
| 020 | _a9789355407740 | ||
| 082 | _a658 GAP | ||
| 100 | _aGARG,Rohit | ||
| 245 | _aPrinciples of Management | ||
| 260 |
_aNew Delhi _bKalyani Publishers |
||
| 300 | _aMISC | ||
| 700 | _aCHADHA,Omesh | ||
| 942 |
_2ddc _cBK |
||
| 999 |
_c12139 _d12139 |
||